000
00335 a2200157 4500
001
73505
020
_a
853221284-0
040
_c
Anchieta - Colégio São Paulo
100
_a
Alencar, José de
240
1
0
_a
Ubirajara
_l
por
245
1
0
_a
Ubirajara
300
_a
125
362
0
_a
1994
650
4
_a
Ficção brasileira
942
_c
BK
999
_c
73505
_d
73505